[Event "Banja Luka"]
[Site "Banja Luka"]
[Date "1983.??.??"]
[Round "7"]
[White "Adorjan, Andras"]
[Black "Inkiov, Ventzislav"]
[Result "1/2-1/2"]
[WhiteElo "2530"]
[BlackElo "2500"]
[PlyCount "148"]
[EventDate "1983.04.??"]
[EventType "tourn"]
[EventRounds "13"]
[EventCountry "YUG"]
[EventCategory "9"]
[Source "ChessBase"]
[SourceDate "1999.07.01"]
[WhiteTeamCountry "ENG"]
[BlackTeamCountry "HUN"]

1. c4 e6 2. Nc3 d5 3. d4 Nf6 4. Nf3 Bb4 5. cxd5 exd5 6. Bg5 h6 7. Bh4 c5 8. e3
Nc6 9. Bb5 g5 10. Bg3 Ne4 11. O-O Bxc3 12. bxc3 Nxc3 13. Bxc6+ bxc6 14. Qc2 Ne4
15. dxc5 O-O 16. Nd4 Qe8 17. Bd6 Nxd6 18. cxd6 Bd7 19. Rab1 f5 20. Rb7 Rf7 21.
Rc7 Rc8 22. Rb1 Qf8 23. Rxc8 Qxc8 24. Qc5 Qa6 25. Rc1 f4 26. Nf3 Rf5 27. a3 Qb6
28. Qc3 fxe3 29. fxe3 Qb8 30. Qa5 Qxd6 31. Qxa7 Rf7 32. Qc5 Qb8 33. Qb4 Qe8 34.
Qd4 Re7 35. Rc3 Re4 36. Qc5 Qb8 37. Nd2 Re8 38. Rb3 Qe5 39. Qd4 Qc7 40. Rc3 Qb8
41. Rc2 Qd6 42. Rc3 Qb8 43. Rc1 Qe5 44. Qxe5 Rxe5 45. Kf2 Re8 46. a4 Ra8 47.
Ra1 c5 48. a5 c4 49. Nb1 Kf7 50. Nc3 Ke6 51. a6 Kd6 52. Ra5 Bc6 53. a7 Kc7 54.
Nxd5+ Bxd5 55. Rxd5 Rxa7 56. Rc5+ Kd6 57. Rxc4 Ke5 58. Rc6 h5 59. Rc5+ Kf6 60.
h4 gxh4 61. Rxh5 Ra4 62. Kf3 Kg6 63. Rh8 Kg7 64. Rd8 Ra1 65. Kg4 Rh1 66. Kg5 h3
67. Rd7+ Kf8 68. g4 Re1 69. Rd8+ Kg7 70. Rd7+ Kf8 71. Rd2 Rxe3 72. Kg6 Re8 73.
g5 Ra8 74. Kh6 Kg8 1/2-1/2

[Event "Banja Luka"]
[Site "Banja Luka"]
[Date "1983.??.??"]
[Round "8"]
[White "Filipovic, Branko"]
[Black "Adorjan, Andras"]
[Result "0-1"]
[WhiteElo "2335"]
[BlackElo "2530"]
[PlyCount "68"]
[EventDate "1983.04.??"]
[EventType "tourn"]
[EventRounds "13"]
[EventCountry "YUG"]
[EventCategory "9"]
[Source "ChessBase"]
[SourceDate "1999.07.01"]
[WhiteTeamCountry "ENG"]
[BlackTeamCountry "HUN"]

1. e4 c5 2. Nf3 e6 3. Nc3 d6 4. d4 cxd4 5. Nxd4 Nf6 6. Be2 a6 7. O-O Nbd7 8. f4
b5 9. Bf3 Bb7 10. e5 Bxf3 11. Nxf3 Ng4 12. Qe2 b4 13. Ne4 d5 14. Neg5 Qb6+ 15.
Kh1 h6 16. Nh3 g6 17. a3 Qb5 18. Qd1 bxa3 19. b3 Bc5 20. c3 h5 21. Nfg5 a5 22.
Rf3 a4 23. c4 dxc4 24. bxc4 Qc6 25. Bxa3 O-O 26. Qc2 Bxa3 27. Rfxa3 Nc5 28. Re1
Rfe8 29. Nf3 Red8 30. f5 exf5 31. Nf4 Ne4 32. Rf1 Qc5 33. Ra2 Rd2 34. Qxd2 Nxd2
0-1

[Event "Banja Luka"]
[Site "Banja Luka"]
[Date "1983.??.??"]
[Round "9"]
[White "Adorjan, Andras"]
[Black "Chekhov, Valery"]
[Result "1/2-1/2"]
[WhiteElo "2530"]
[BlackElo "2510"]
[PlyCount "52"]
[EventDate "1983.04.??"]
[EventType "tourn"]
[EventRounds "13"]
[EventCountry "YUG"]
[EventCategory "9"]
[Source "ChessBase"]
[SourceDate "1999.07.01"]
[WhiteTeamCountry "ENG"]
[BlackTeamCountry "HUN"]

1. c4 e5 2. Nc3 Bb4 3. Nd5 Ba5 4. b4 c6 5. bxa5 cxd5 6. Nf3 d6 7. Qa4+ Bd7 8.
Qb4 Qc7 9. Ba3 Nc6 10. Qxd6 Qxd6 11. Bxd6 e4 12. cxd5 Nxa5 13. Ne5 Nf6 14. Bb4
b6 15. d6 Nc6 16. Nxc6 Bxc6 17. Rc1 Rc8 18. f3 Kd7 19. Kf2 Bd5 20. Rxc8 Rxc8
21. e3 Rc2 22. Be2 Bxa2 23. Bb5+ Ke6 24. Bc3 Bd5 25. Re1 Ra2 26. d7 Ke7 1/2-1/2

[Event "Banja Luka"]
[Site "Banja Luka"]
[Date "1983.??.??"]
[Round "10"]
[White "Adorjan, Andras"]
[Black "Vukic, Milan"]
[Result "1/2-1/2"]
[WhiteElo "2530"]
[BlackElo "2465"]
[PlyCount "60"]
[EventDate "1983.04.??"]
[EventType "tourn"]
[EventRounds "13"]
[EventCountry "YUG"]
[EventCategory "9"]
[Source "ChessBase"]
[SourceDate "1999.07.01"]
[WhiteTeamCountry "ENG"]
[BlackTeamCountry "HUN"]

1. d4 Nf6 2. c4 g6 3. Nc3 Bg7 4. e4 d6 5. f3 O-O 6. Bg5 c5 7. d5 e6 8. Nge2
exd5 9. cxd5 a6 10. a4 Re8 11. Qd2 Nbd7 12. Ng3 Qa5 13. Be2 h5 14. O-O Nh7 15.
Be3 Qb4 16. Nh1 Ne5 17. Nf2 Bd7 18. Rfc1 b5 19. axb5 axb5 20. Nxb5 Rxa1 21.
Rxa1 Qxd2 22. Bxd2 Rb8 23. Ra5 c4 24. Nc3 Rxb2 25. Ra2 Rb3 26. Rc2 f5 27. h3
Nf6 28. Bf4 Ne8 29. Bd2 Nf6 30. Bf4 Ne8 1/2-1/2

[Event "Banja Luka"]
[Site "Banja Luka"]
[Date "1983.??.??"]
[Round "13"]
[White "Bukic, Enver"]
[Black "Adorjan, Andras"]
[Result "0-1"]
[WhiteElo "2470"]
[BlackElo "2530"]
[PlyCount "108"]
[EventDate "1983.04.??"]
[EventType "tourn"]
[EventRounds "13"]
[EventCountry "YUG"]
[EventCategory "9"]
[Source "ChessBase"]
[SourceDate "1999.07.01"]
[WhiteTeamCountry "ENG"]
[BlackTeamCountry "HUN"]

1. d4 Nf6 2. c4 g6 3. Nf3 Bg7 4. Nc3 d5 5. cxd5 Nxd5 6. e4 Nxc3 7. bxc3 c5 8.
Rb1 Qa5 9. Bd2 Qxa2 10. d5 Qa5 11. Qc1 O-O 12. c4 Qa2 13. Bd3 Bg4 14. Bc3 Bxc3+
15. Qxc3 Qa6 16. Nd2 b6 17. f3 Bd7 18. h4 Qc8 19. h5 Na6 20. hxg6 fxg6 21. Kf2
Nb4 22. Be2 Rf7 23. Nf1 a5 24. Ne3 Qf8 25. Rb3 Qg7 26. e5 Rf4 27. g3 Rd4 28. e6
Be8 29. Ng4 h5 30. Ne3 Qf6 31. g4 h4 32. Rbb1 g5 33. Nf5 Bg6 34. Rbg1 Rf8 35.
Qe3 Kh7 36. d6 exd6 37. Rd1 Nc2 38. Qc1 Rxd1 39. Rxd1 Nd4 40. Nxd4 cxd4 41. Qb2
Qxe6 42. Qxd4 Qe5 43. Qxd6 Qxd6 44. Rxd6 a4 45. Rxb6 Ra8 46. Rb2 a3 47. Ra2 Bb1
48. Ra1 a2 49. f4 gxf4 50. Kf3 Re8 51. Bf1 Kh6 52. c5 Kg5 53. Bc4 Re3+ 54. Kf2
Rc3 0-1

[Event "EU-chT (Men) 08th"]
[Site "Plovdiv"]
[Date "1983.??.??"]
[Round "1.5"]
[White "Adorjan, Andras"]
[Black "Kurajica, Bojan"]
[Result "1/2-1/2"]
[WhiteElo "2530"]
[BlackElo "2510"]
[PlyCount "33"]
[EventDate "1983.06.23"]
[EventType "team ()"]
[EventRounds "7"]
[EventCountry "BUL"]
[Source "ChessBase"]
[SourceDate "1999.07.01"]
[WhiteTeam "Hungary"]
[BlackTeam "Yugoslavia"]
[WhiteTeamCountry "HUN"]
[BlackTeamCountry "YUG"]

1. c4 e5 2. Nc3 Nc6 3. Nf3 f5 4. g3 Nf6 5. Bg2 g6 6. d4 e4 7. Ng5 h6 8. Nh3 g5
9. O-O Bg7 10. f3 exf3 11. exf3 O-O 12. d5 Ne5 13. d6 Nf7 14. dxc7 Qxc7 15. Qb3
Qc5+ 16. Nf2 b6 17. f4 1/2-1/2

[Event "EU-chT (Men) 08th"]
[Site "Plovdiv"]
[Date "1983.??.??"]
[Round "2.5"]
[White "Keene, Raymond"]
[Black "Adorjan, Andras"]
[Result "1/2-1/2"]
[WhiteElo "2490"]
[BlackElo "2530"]
[PlyCount "45"]
[EventDate "1983.06.23"]
[EventType "team ()"]
[EventRounds "7"]
[EventCountry "BUL"]
[Source "ChessBase"]
[SourceDate "1999.07.01"]
[WhiteTeam "England"]
[BlackTeam "Hungary"]
[WhiteTeamCountry "ENG"]
[BlackTeamCountry "HUN"]

1. Nf3 c5 2. c4 Nf6 3. Nc3 b6 4. g3 Bb7 5. Bg2 g6 6. O-O Bg7 7. d4 cxd4 8. Nxd4
Bxg2 9. Kxg2 O-O 10. e4 Qc7 11. b3 Nxe4 12. Nxe4 Qe5 13. Qf3 Qxd4 14. Ba3 Nc6
15. Rad1 Qe5 16. Rxd7 Rad8 17. Rfd1 Rxd7 18. Rxd7 Rd8 19. Ng5 Bf6 20. Qxc6 Rxd7
21. Qxd7 Bxg5 22. Qd5 Qxd5+ 23. cxd5 1/2-1/2

[Event "EU-chT (Men) 08th"]
[Site "Plovdiv"]
[Date "1983.??.??"]
[Round "4.4"]
[White "Georgiev, Krum"]
[Black "Adorjan, Andras"]
[Result "0-1"]
[WhiteElo "2440"]
[BlackElo "2530"]
[PlyCount "98"]
[EventDate "1983.06.23"]
[EventType "team ()"]
[EventRounds "7"]
[EventCountry "BUL"]
[Source "ChessBase"]
[SourceDate "1999.07.01"]
[WhiteTeam "Bulgaria"]
[BlackTeam "Hungary"]
[WhiteTeamCountry "BUL"]
[BlackTeamCountry "HUN"]

1. e4 c5 2. Nf3 e6 3. c3 d5 4. exd5 Qxd5 5. Be2 Nf6 6. O-O Be7 7. Na3 O-O 8.
Nc2 b6 9. d4 Bb7 10. Bf4 Nbd7 11. Re1 Rad8 12. Bc7 Rc8 13. Ne3 Qc6 14. Bg3 Rfd8
15. Qb3 cxd4 16. Nxd4 Qc5 17. Rad1 Nf8 18. Qa4 a6 19. Nb3 Qg5 20. Qf4 Qxf4 21.
Bxf4 Ng6 22. Rxd8+ Bxd8 23. Bg3 Ne4 24. Nc4 b5 25. Nd6 Nxd6 26. Bxd6 Bb6 27.
Rd1 Bd5 28. Bf1 f6 29. g3 Rc6 30. Bb4 Ne5 31. Na5 Rc8 32. Be2 Bxa5 33. Bxa5 Bc4
34. Bf1 Bxf1 35. Kxf1 Nc4 36. b4 Rc6 37. Rd7 Nb2 38. Bd8 Na4 39. Be7 Nxc3 40.
f4 h5 41. a3 Nb1 42. Bc5 Nxa3 43. Kg2 Nb1 44. Kh3 Nc3 45. Rd8+ Kh7 46. Rd7 Ne4
47. Bf8 Rc8 48. Bxg7 Kg6 49. Re7 Nd2 0-1

[Event "EU-chT (Men) 08th"]
[Site "Plovdiv"]
[Date "1983.??.??"]
[Round "6.5"]
[White "Adorjan, Andras"]
[Black "Lau, Ralf"]
[Result "1-0"]
[WhiteElo "2530"]
[BlackElo "2395"]
[PlyCount "178"]
[EventDate "1983.06.23"]
[EventType "team ()"]
[EventRounds "7"]
[EventCountry "BUL"]
[Source "ChessBase"]
[SourceDate "1999.07.01"]
[WhiteTeam "Hungary"]
[BlackTeam "German Fed Rep"]
[WhiteTeamCountry "HUN"]
[BlackTeamCountry "GER"]

1. c4 Nf6 2. Nc3 c5 3. Nf3 e6 4. g3 b6 5. Bg2 Bb7 6. d4 cxd4 7. Qxd4 d6 8. O-O
Be7 9. Rd1 a6 10. Ng5 Bxg2 11. Kxg2 O-O 12. Nce4 Ra7 13. Nxf6+ Bxf6 14. Qg4 Be7
15. h4 Nd7 16. b3 Nf6 17. Qf3 Rd7 18. Bb2 Qa8 19. Rac1 Qxf3+ 20. Nxf3 Rc8 21.
Bd4 Rc6 22. Be3 Rb7 23. Ne1 Rc8 24. Bg5 Rd7 25. Nd3 h6 26. Be3 Rb7 27. f3 Ne8
28. Bf2 h5 29. Be1 Bf8 30. Nf4 g6 31. Nd3 Nf6 32. Nf2 Rbc7 33. Bc3 Ne8 34. Bd2
f6 35. Be3 Rb7 36. a4 Be7 37. Rd3 Kf7 38. Ne4 Rc6 39. Nc3 Rb8 40. Bf4 Rb7 41.
Na2 Rc8 42. e4 Bf8 43. Bd2 Ra8 44. Nb4 f5 45. Nc6 Rc8 46. Nd4 Bg7 47. Re1 Bxd4
48. Rxd4 e5 49. Rd3 Ke6 50. Bg5 Rf7 51. f4 fxe4 52. Rxe4 Rf5 53. g4 hxg4 54.
Kg3 Rc6 55. Kxg4 Nf6+ 56. Bxf6 Kxf6 57. Rd5 a5 58. Rb5 Ke6 59. Kf3 Kf6 60. Ke2
Ke6 61. Ke3 Rh5 62. Rd5 Rc8 63. fxe5 dxe5 64. Rg4 Kf5 65. Kf3 Rc6 66. Kg3 g5
67. hxg5 Rg6 68. Rf4+ Ke6 69. Rf6+ Rxf6 70. gxf6 Rg5+ 71. Kh4 Rg8 72. f7 Kxf7
73. Rxe5 Rg6 74. Kh5 Rg8 75. Rb5 Rb8 76. Kg4 Ke6 77. Rd5 Rf8 78. Kg5 Ke7 79.
Rb5 Rb8 80. Kg6 Kd6 81. c5+ Kc6 82. Kf7 Rh8 83. cxb6 Rh7+ 84. Ke6 Rh6+ 85. Ke5
Rh5+ 86. Kd4 Rxb5 87. axb5+ Kb7 88. Kc5 Kb8 89. b7 Kxb7 1-0

[Event "EU-chT (Men) 08th"]
[Site "Plovdiv"]
[Date "1983.??.??"]
[Round "7.5"]
[White "Psakhis, Lev"]
[Black "Adorjan, Andras"]
[Result "1/2-1/2"]
[WhiteElo "2580"]
[BlackElo "2530"]
[PlyCount "21"]
[EventDate "1983.06.23"]
[EventType "team ()"]
[EventRounds "7"]
[EventCountry "BUL"]
[Source "ChessBase"]
[SourceDate "1999.07.01"]
[WhiteTeam "Soviet Union"]
[BlackTeam "Hungary"]
[WhiteTeamCountry "URS"]
[BlackTeamCountry "HUN"]

1. d4 Nf6 2. c4 e6 3. Nc3 Bb4 4. e3 c5 5. Bd3 Nc6 6. Nge2 cxd4 7. exd4 d5 8.
O-O dxc4 9. Bxc4 O-O 10. a3 Bd6 11. Qd3 1/2-1/2

[Event "Biel"]
[Site "Biel"]
[Date "1983.??.??"]
[Round "?"]
[White "Adorjan, Andras"]
[Black "Toth, Bela"]
[Result "1-0"]
[WhiteElo "2535"]
[BlackElo "2400"]
[PlyCount "81"]
[EventDate "1983.07.??"]
[EventType "tourn"]
[EventRounds "11"]
[EventCountry "SUI"]
[EventCategory "10"]
[Source "ChessBase"]
[SourceDate "1999.07.01"]
[WhiteTeamCountry "URS"]
[BlackTeamCountry "HUN"]

1. c4 e5 2. Nc3 Nf6 3. Nf3 Nc6 4. g3 Nd4 5. Bg2 Nxf3+ 6. Bxf3 Bb4 7. Qb3 a5 8.
O-O O-O 9. d4 exd4 10. Nb5 d5 11. Bf4 c6 12. Nxd4 dxc4 13. Qxc4 Bg4 14. Bxg4
Nxg4 15. a3 Be7 16. Ne6 fxe6 17. Qxe6+ Kh8 18. Rad1 Qe8 19. Qxg4 Bf6 20. Rd2
Qe4 21. h3 Rfd8 22. Rxd8+ Rxd8 23. b3 Qd5 24. Rb1 Qe4 25. Re1 a4 26. bxa4 Qxa4
27. Qf3 Be7 28. Rb1 Rd1+ 29. Rxd1 Qxd1+ 30. Kg2 Qa1 31. Qg4 Qxa3 32. Qc8+ Bf8
33. Qxb7 Qc5 34. Qa8 Kg8 35. e4 h6 36. Qe8 Kh7 37. h4 Be7 38. h5 Bf6 39. Bxh6
gxh6 40. Qg6+ Kh8 41. Qxf6+ 1-0

[Event "Biel"]
[Site "Biel"]
[Date "1983.??.??"]
[Round "?"]
[White "Adorjan, Andras"]
[Black "Wirthensohn, Heinz"]
[Result "1-0"]
[WhiteElo "2535"]
[BlackElo "2425"]
[PlyCount "55"]
[EventDate "1983.07.??"]
[EventType "tourn"]
[EventRounds "11"]
[EventCountry "SUI"]
[EventCategory "10"]
[Source "ChessBase"]
[SourceDate "1999.07.01"]
[WhiteTeamCountry "URS"]
[BlackTeamCountry "HUN"]

1. c4 e5 2. Nc3 Nf6 3. Nf3 Nc6 4. g3 d5 5. cxd5 Nxd5 6. Bg2 Nb6 7. O-O Be7 8.
a3 a5 9. d3 O-O 10. Be3 Re8 11. Rc1 Bg4 12. Re1 Bf8 13. Nd2 Rb8 14. Nb3 Ra8 15.
Nb5 a4 16. Nc5 Bxc5 17. Rxc5 Bd7 18. d4 exd4 19. Bf4 Qe7 20. Rc1 Rac8 21. Bxc7
Qg5 22. Bxb6 Qxb5 23. Bxd4 Rcd8 24. Rc5 Qa6 25. Rg5 Bh3 26. Rxg7+ Kf8 27. Rxh7
Bxg2 28. Bf6 1-0

[Event "Biel"]
[Site "Biel"]
[Date "1983.??.??"]
[Round "?"]
[White "Campora, Daniel Hugo"]
[Black "Adorjan, Andras"]
[Result "1-0"]
[WhiteElo "2485"]
[BlackElo "2535"]
[PlyCount "87"]
[EventDate "1983.07.??"]
[EventType "tourn"]
[EventRounds "11"]
[EventCountry "SUI"]
[EventCategory "10"]
[Source "ChessBase"]
[SourceDate "1999.07.01"]
[WhiteTeamCountry "URS"]
[BlackTeamCountry "HUN"]

1. e4 c5 2. Nf3 e6 3. d4 cxd4 4. Nxd4 Nf6 5. Nc3 d6 6. g3 Nc6 7. Bg2 Bd7 8. O-O
Be7 9. Re1 O-O 10. a4 Qc7 11. Ndb5 Qb8 12. Bf4 Ne5 13. Bg5 a6 14. Nd4 Rc8 15.
h3 h6 16. Bc1 Bd8 17. f4 Nc4 18. Kh2 Ba5 19. Qd3 Qc7 20. Nde2 d5 21. Rd1 Rd8
22. e5 Ne4 23. Nxe4 dxe4 24. Qxe4 Nb6 25. Nd4 Rab8 26. Qe2 Nxa4 27. f5 exf5 28.
e6 fxe6 29. Bf4 Qb6 30. Bxb8 Rxb8 31. Nxf5 Bb5 32. Qe5 exf5 33. Qxb8+ Kh7 34.
Qe5 Qf2 35. c4 Bc6 36. Rd5 Bxd5 37. cxd5 Nxb2 38. d6 Nc4 39. Qd5 Ne3 40. Qf3
Qd2 41. Rxa5 f4 42. gxf4 Nxg2 43. Qe4+ Kg8 44. Rd5 1-0

[Event "Biel"]
[Site "Biel"]
[Date "1983.??.??"]
[Round "?"]
[White "Gheorghiu, Florin"]
[Black "Adorjan, Andras"]
[Result "1/2-1/2"]
[WhiteElo "2475"]
[BlackElo "2535"]
[PlyCount "140"]
[EventDate "1983.07.??"]
[EventType "tourn"]
[EventRounds "11"]
[EventCountry "SUI"]
[EventCategory "10"]
[Source "ChessBase"]
[SourceDate "1999.07.01"]
[WhiteTeamCountry "URS"]
[BlackTeamCountry "HUN"]

1. Nf3 c5 2. c4 b6 3. d4 cxd4 4. Nxd4 Nf6 5. Nc3 Bb7 6. f3 Nc6 7. e4 Qb8 8. Be3
e6 9. Qd2 Bd6 10. Ndb5 Be5 11. f4 Bxc3 12. Nxc3 O-O 13. O-O-O Rd8 14. e5 Ne8
15. c5 Nb4 16. Kb1 Nc7 17. h4 Bc6 18. a3 Nbd5 19. Nxd5 Nxd5 20. Bd4 bxc5 21.
Bxc5 Qb3 22. Bd3 Rab8 23. Ka1 Nxf4 24. Bb1 Rb5 25. Bd4 Qg3 26. h5 Rd5 27. Qc2
g6 28. hxg6 hxg6 29. Bxa7 Ra8 30. Rxd5 Bxd5 31. Bd4 Qxg2 32. Qxg2 Nxg2 33. Rc1
Bc6 34. Bd3 Nh4 35. Bc4 Ra4 36. Bc5 Nf3 37. b3 Ra5 38. Bd6 Nxe5 39. Bf1 Nf3 40.
Kb2 f5 41. a4 Ra8 42. Bb5 g5 43. b4 g4 44. Bxc6 dxc6 45. a5 Ra6 46. Rd1 Kf7 47.
Bc5 Kf6 48. Rd8 f4 49. Kc3 g3 50. Kd3 g2 51. Rf8+ Ke5 52. Rg8 Kf5 53. Rf8+ Ke5
54. Rg8 g1=Q 55. Bxg1 Nxg1 56. Rxg1 Ra8 57. Rg5+ Kf6 58. Rc5 Rb8 59. a6 Rxb4
60. Ra5 Rb8 61. a7 Ra8 62. Ke4 Ke7 63. Kxf4 Kd6 64. Ra1 Kc5 65. Ke5 Kb6 66. Kd6
Rd8+ 67. Ke7 Ra8 68. Kd6 Rd8+ 69. Ke7 Ra8 70. Kd6 Rd8+ 1/2-1/2

[Event "Biel"]
[Site "Biel"]
[Date "1983.??.??"]
[Round "?"]
[White "Gobet, Fernand"]
[Black "Adorjan, Andras"]
[Result "0-1"]
[WhiteElo "2415"]
[BlackElo "2535"]
[PlyCount "128"]
[EventDate "1983.07.??"]
[EventType "tourn"]
[EventRounds "11"]
[EventCountry "SUI"]
[EventCategory "10"]
[Source "ChessBase"]
[SourceDate "1999.07.01"]
[WhiteTeamCountry "URS"]
[BlackTeamCountry "HUN"]

1. e4 c5 2. Nf3 e6 3. d4 cxd4 4. Nxd4 Nf6 5. Nc3 d6 6. g3 Nc6 7. Bg2 Bd7 8. O-O
Be7 9. Nce2 a6 10. c4 Rc8 11. b3 O-O 12. Bb2 Qa5 13. a3 Rfd8 14. Re1 b5 15.
cxb5 axb5 16. Nxc6 Bxc6 17. Nd4 Ba8 18. Qe2 Rb8 19. Rec1 Qb6 20. Rc2 e5 21. Nf5
Bf8 22. Qd3 Qb7 23. Rac1 Nxe4 24. Ne3 Nc5 25. Rxc5 dxc5 26. Qxd8 Qxg2+ 27. Nxg2
Rxd8 28. Bxe5 Rd3 29. Rb1 Be4 30. Nf4 Rd2 31. Re1 Bc6 32. Kf1 f6 33. Bc3 Rc2
34. Re3 Rc1+ 35. Ke2 Rb1 36. Ba5 Rb2+ 37. Ke1 c4 38. bxc4 Bc5 39. Re2 Rb1+ 40.
Kd2 bxc4 41. Bb4 Bxb4+ 42. axb4 g5 43. Re6 Bf3 44. Re3 Bg4 45. Ne6 Rb2+ 46. Kc1
Rxb4 47. f3 Bf5 48. g4 Bg6 49. f4 Rb1+ 50. Kd2 Rb2+ 51. Kc3 Rb3+ 52. Kd2 Bf7
53. Re4 gxf4 54. Nxf4 Rb2+ 55. Kc3 Rxh2 56. Ne6 Rh4 57. Nd8 Rh3+ 58. Kb4 c3 59.
Nxf7 Kxf7 60. Rc4 Kg6 61. Kc5 Rd3 62. Kb4 Kg5 63. Kb3 h6 64. Kc2 Rg3 0-1

[Event "Biel"]
[Site "Biel"]
[Date "1983.??.??"]
[Round "?"]
[White "Kindermann, Stefan"]
[Black "Adorjan, Andras"]
[Result "0-1"]
[WhiteElo "2500"]
[BlackElo "2535"]
[PlyCount "88"]
[EventDate "1983.07.??"]
[EventType "tourn"]
[EventRounds "11"]
[EventCountry "SUI"]
[EventCategory "10"]
[Source "ChessBase"]
[SourceDate "1999.07.01"]
[WhiteTeamCountry "URS"]
[BlackTeamCountry "HUN"]

1. e4 c5 2. Nf3 e6 3. d4 cxd4 4. Nxd4 Nf6 5. Nc3 d6 6. Be2 a6 7. f4 Qb6 8. a4
Nc6 9. Nb3 Qc7 10. a5 b5 11. axb6 Qxb6 12. Bd3 Be7 13. Na4 Qc7 14. Be3 Rb8 15.
O-O O-O 16. Kh1 Nb4 17. Nc3 Bb7 18. Nd4 Ba8 19. Qe2 Rfc8 20. Bg1 Qb7 21. Rab1
g6 22. Nf3 Nh5 23. Be3 Bf8 24. f5 Nxd3 25. cxd3 exf5 26. exf5 Bg7 27. Ne4 Qe7
28. Bg5 f6 29. Nxf6+ Bxf6 30. Qxe7 Bxe7 31. Bxe7 Rc2 32. f6 Rbxb2 33. Rxb2 Rxb2
34. Ng5 Nxf6 35. Bxf6 Rxg2 36. Ne4 Rd2 37. Rc1 Kf7 38. Rc7+ Ke6 39. Re7+ Kf5
40. Bh8 Rxd3 41. Kg1 Bxe4 42. Rxh7 Rd2 43. Rf7+ Kg4 44. Rf2 Rd3 0-1

[Event "Biel"]
[Site "Biel"]
[Date "1983.??.??"]
[Round "?"]
[White "Nemet, Ivan"]
[Black "Adorjan, Andras"]
[Result "0-1"]
[WhiteElo "2395"]
[BlackElo "2535"]
[PlyCount "82"]
[EventDate "1983.07.??"]
[EventType "tourn"]
[EventRounds "11"]
[EventCountry "SUI"]
[EventCategory "10"]
[Source "ChessBase"]
[SourceDate "1999.07.01"]
[WhiteTeamCountry "URS"]
[BlackTeamCountry "HUN"]

1. d4 Nf6 2. c4 e6 3. Nc3 Bb4 4. Qc2 O-O 5. a3 Bxc3+ 6. Qxc3 b5 7. cxb5 c6 8.
bxc6 Nxc6 9. Nf3 Bb7 10. Bg5 Rc8 11. Nd2 h6 12. h4 hxg5 13. hxg5 Ng4 14. Ne4 f5
15. gxf6 Nxf6 16. Nd6 Qc7 17. Nxc8 Rxc8 18. Rh4 Qb6 19. f3 Na5 20. Qb4 Nb3 21.
Rd1 Qxb4+ 22. axb4 Rc4 23. e3 Rxb4 24. Bd3 a5 25. Kf2 Nc5 26. Bg6 Rxb2+ 27. Kg3
Nb3 28. e4 Kf8 29. e5 Ke7 30. exf6+ Kxf6 31. Be4 Bxe4 32. fxe4 a4 33. e5+ Kf7
34. d5 a3 35. Rf4+ Kg6 36. dxe6 dxe6 37. Rdf1 Kh7 38. Rg4 Kg8 39. Ra4 a2 40.
Ra8+ Kh7 41. Ra7 Kh6 0-1

[Event "Gladsaxe"]
[Site "Gladsaxe"]
[Date "1983.??.??"]
[Round "?"]
[White "Adorjan, Andras"]
[Black "Cramling, Pia"]
[Result "1-0"]
[WhiteElo "2535"]
[BlackElo "2355"]
[PlyCount "52"]
[EventDate "1983.07.??"]
[EventType "tourn"]
[EventRounds "9"]
[EventCountry "DEN"]
[EventCategory "8"]
[Source "ChessBase"]
[SourceDate "1999.07.01"]
[WhiteTeamCountry "URS"]
[BlackTeamCountry "HUN"]

1. c4 c5 2. Nf3 Nf6 3. Nc3 e6 4. g3 d5 5. cxd5 Nxd5 6. Bg2 Nc6 7. O-O Be7 8. d4
O-O 9. Nxd5 exd5 10. dxc5 Bxc5 11. Qc2 Bb6 12. Rd1 h6 13. b3 Qf6 14. Bb2 d4 15.
Rac1 Bf5 16. Qd2 Rad8 17. b4 Rfe8 18. b5 Ne5 19. Nxd4 Nd3 20. exd3 Bxd4 21.
Bxd4 Rxd4 22. Bxb7 Bxd3 23. Rc6 Qf5 24. Qc3 Qf3 25. Re1 Rxe1+ 26. Qxe1 Kh7 1-0

[Event "Gladsaxe"]
[Site "Gladsaxe"]
[Date "1983.??.??"]
[Round "?"]
[White "Adorjan, Andras"]
[Black "Karlsson, Lars"]
[Result "1-0"]
[WhiteElo "2535"]
[BlackElo "2505"]
[PlyCount "61"]
[EventDate "1983.07.??"]
[EventType "tourn"]
[EventRounds "9"]
[EventCountry "DEN"]
[EventCategory "8"]
[Source "ChessBase"]
[SourceDate "1999.07.01"]
[WhiteTeamCountry "URS"]
[BlackTeamCountry "HUN"]

1. c4 e5 2. Nc3 Nc6 3. Nf3 g6 4. d4 exd4 5. Nxd4 Bg7 6. Nxc6 bxc6 7. g3 Ne7 8.
Bg2 O-O 9. O-O Rb8 10. Qa4 a6 11. Rd1 Re8 12. Qa5 d6 13. b3 Bf5 14. Bg5 h6 15.
Be3 Bd7 16. Bd4 Bxd4 17. Rxd4 c5 18. Re4 c6 19. Qa3 Be6 20. Rd1 Nf5 21. Qc1 g5
22. h4 Nd4 23. hxg5 hxg5 24. Re3 Qf6 25. Ne4 Qe5 26. f4 gxf4 27. gxf4 Qxf4 28.
Rxd4 cxd4 29. Rg3+ Qxg3 30. Nxg3 c5 31. Qh6 1-0

[Event "Gladsaxe"]
[Site "Gladsaxe"]
[Date "1983.??.??"]
[Round "?"]
[White "Adorjan, Andras"]
[Black "Kristiansen, Jens"]
[Result "1/2-1/2"]
[WhiteElo "2535"]
[BlackElo "2430"]
[PlyCount "96"]
[EventDate "1983.07.??"]
[EventType "tourn"]
[EventRounds "9"]
[EventCountry "DEN"]
[EventCategory "8"]
[Source "ChessBase"]
[SourceDate "1999.07.01"]
[WhiteTeamCountry "URS"]
[BlackTeamCountry "HUN"]

1. c4 Nf6 2. Nc3 g6 3. e4 d6 4. d4 Bg7 5. f3 O-O 6. Bg5 Nc6 7. Nge2 a6 8. Qd2
Rb8 9. h4 h5 10. O-O-O b5 11. Nd5 bxc4 12. g4 Nxd5 13. exd5 Nb4 14. Nc3 c5 15.
Bh6 Bxd4 16. Bxc4 hxg4 17. h5 g3 18. Bxf8 Qxf8 19. a3 Qg7 20. axb4 Rxb4 21. h6
Qf8 22. Qe2 g2 23. h7+ Kh8 24. Rhe1 Qh6+ 25. Kc2 Qh2 26. Qxe7 g1=Q+ 27. Re2
Bf5+ 28. Bd3 Qxe2+ 29. Qxe2 Qe3 30. Qxe3 Bxe3 31. Bxf5 gxf5 32. Ra1 Bf4 33.
Rxa6 Kxh7 34. Ra4 Rxa4 35. Nxa4 Kg6 36. Kd3 Kf6 37. Nb6 Ke5 38. Kc4 Bh6 39. Kb5
Kf4 40. Nc8 Bf8 41. Kc6 Kxf3 42. Nxd6 f4 43. Nxf7 Ke4 44. d6 c4 45. Kc5 f3 46.
Ng5+ Ke3 47. Nxf3 Kxf3 48. Kd5 Bxd6 1/2-1/2

[Event "Gladsaxe"]
[Site "Gladsaxe"]
[Date "1983.??.??"]
[Round "?"]
[White "Adorjan, Andras"]
[Black "Tisdall, Jonathan D"]
[Result "1/2-1/2"]
[WhiteElo "2535"]
[BlackElo "2420"]
[PlyCount "79"]
[EventDate "1983.07.??"]
[EventType "tourn"]
[EventRounds "9"]
[EventCountry "DEN"]
[EventCategory "8"]
[Source "ChessBase"]
[SourceDate "1999.07.01"]
[WhiteTeamCountry "URS"]
[BlackTeamCountry "HUN"]

1. c4 e6 2. Nc3 b6 3. d4 Bb7 4. a3 Nf6 5. d5 g6 6. g3 Bg7 7. Bg2 O-O 8. Nh3
exd5 9. O-O c6 10. cxd5 c5 11. Qa4 d6 12. Qh4 Nbd7 13. Bg5 Re8 14. e4 Ba6 15.
Rfe1 Re5 16. f4 h6 17. Bxf6 Bxf6 18. Qg4 Re8 19. e5 Bg7 20. e6 Nf6 21. exf7+
Kxf7 22. Qf3 Bb7 23. Nf2 Kg8 24. Qd3 Kh7 25. h4 Bc8 26. Qf3 a6 27. Bf1 Ra7 28.
Bd3 Rae7 29. Rxe7 Qxe7 30. h5 Bf5 31. g4 Bxd3 32. Qxd3 Qf7 33. Rf1 c4 34. Qc2
Nd7 35. Nfe4 Bxc3 36. bxc3 Rg8 37. Nxd6 Qxd5 38. Ne4 Qd3 39. Qxd3 cxd3 40.
hxg6+ 1/2-1/2